European countries that have been visited by Queen Elizabeth II - Statistics

General Stats
  • This quiz has been taken 47 times
  • The average score is 24 of 28
Answer Stats
Country % Correct
Sweden
100%
France
98%
Germany
98%
Norway
98%
Spain
98%
Netherlands
95%
Austria
93%
Belgium
93%
Denmark
93%
Portugal
93%
Russia
93%
Finland
90%
Ireland
90%
Luxembourg
90%
Poland
88%
Switzerland
85%
United Kingdom
85%
Hungary
80%
Slovakia
80%
Slovenia
80%
Iceland
78%
Estonia
76%
Latvia
76%
Czech Republic
71%
Lithuania
71%
Malta
71%
Vatican City
71%
Serbia
59%
No matching quizzes found
Score Distribution
Percent of People with Each Score
Percentile by Number Answered
Your Score History
You have not taken this quiz